000 01529nam0a2200349 4500
001 RU\NLR\BIBL_A\012875376
005 20221013110815.0
010 _a978-5-17-114120-2
_94000
021 _aRU
_bКН-П-22-041374
_9КН-П-22-3576
035 _a(NLR Aleph) 012875376
090 _a12502510
_c12502510
100 _a20220825d2022 u y0rusy50 ca
101 1 _arus
_ceng
102 _aRU
105 _aa z 000ay
181 0 _ai
_baxxe
182 0 _an
200 1 _aТанец с драконами
_iГрезы и пыль
_e[фантастический роман]
_fДжордж Р. Р. Мартин
_gперевод с английского Н. И. Виленской
_gхудожник: Д. Андреев
203 _aТекст
_bвизуальный
_cнепосредственный
210 _aМосква
_cАСТ
_d2022
215 _a538, [1] с.
_cил.
_d21
311 _aКн. "Танец с драконами" - 5-й том саги "Песнь льда и пламени"
320 _aДр. кн. авт. на 4-й с. обл.
333 _a16+
488 0 _12001#$aПеснь льда и пламени$eсага
686 1 _aШ6(7США)67-445{Лх1979-62}
700 1 _aМартин
_bД. Р. Р.
_f1948-
_gДжордж Рэймонд Ричард
_3RU\NLR\AUTH\7731549
702 1 _aАндреев
_bД.
_cхудожник-иллюстратор
_gДмитрий
_3RU\NLR\AUTH\770204861
_4040
942 _cBOOK
980 _aNB